[Event "Titled Tuesday intern op 06th Feb Late"]
[Site "Chess.com INT"]
[Date "2024.02.06"]
[Round "2"]
[White "Lindholt, Malik"]
[Black "Alarcon Bahamondes, Roberto"]
[Result "0-1"]
[WhiteElo "2190"]
[BlackElo "2335"]
[PlyCount "24"]
[EventDate "2024.02.06"]
[EventType "swiss (blitz)"]
[EventRounds "11"]
[EventCountry "USA"]
[SourceTitle "CB07_2024"]
[SourceDate "2024.02.14"]
[SourceVersion "1"]
[SourceVersionDate "2024.02.14"]
[SourceQuality "1"]

1. e4 c6 2. d4 d5 3. exd5 cxd5 4. c4 Nf6 5. Nc3 g6 6. Qb3 Bg7 7. cxd5 0-0 8. Nge2 a5 9. a4 Na6 10. g3 Nb4 11. Nf4 Bf5 12. h4 Nc2+ 0-1

[Event "Titled Tuesday intern op 17th Jan Late"]
[Site "Chess.com INT"]
[Date "2023.01.17"]
[Round "3"]
[White "Lindholt, Malik"]
[Black "Alfaro Caracas, William"]
[Result "1-0"]
[WhiteElo "2177"]
[BlackElo "2134"]
[PlyCount "61"]
[EventDate "2023.01.17"]
[EventType "swiss (blitz)"]
[EventRounds "11"]
[EventCountry "USA"]
[SourceTitle "CBM 212 Extra"]
[Source "ChessBase"]
[SourceDate "2023.03.31"]
[SourceVersion "1"]
[SourceVersionDate "2023.03.31"]
[SourceQuality "1"]

1. e4 c5 2. Nf3 Nc6 3. d4 cxd4 4. Nxd4 Nf6 5. Nc3 e5 6. Ndb5 d6 7. Bg5 a6 8. Na3 b5 9. Bxf6 gxf6 10. Nd5 f5 11. Bd3 Be6 12. c3 Bg7 13. Nc2 0-0 14. a4 bxa4 15. Rxa4 a5 16. 0-0 Kh8 17. Qh5 fxe4 18. Bxe4 f5 19. Nf6 Rxf6 20. Bxc6 Rc8 21. Bb5 Rh6 22. Qe2 Qh4 23. Rxh4 Rxh4 24. Rd1 d5 25. g3 Rh6 26. Ne3 d4 27. cxd4 exd4 28. Ng2 Bb3 29. Ra1 Re6 30. Qf3 Rc5 31. Qxb3 1-0

[Event "Titled Tuesday intern op 17th Jan Late"]
[Site "Chess.com INT"]
[Date "2023.01.17"]
[Round "4"]
[White "Lindholt, Malik"]
[Black "Danielyan, Vahe"]
[Result "0-1"]
[WhiteElo "2177"]
[BlackElo "2307"]
[PlyCount "66"]
[EventDate "2023.01.17"]
[EventType "swiss (blitz)"]
[EventRounds "11"]
[EventCountry "USA"]
[SourceTitle "CBM 212 Extra"]
[Source "ChessBase"]
[SourceDate "2023.03.31"]
[SourceVersion "1"]
[SourceVersionDate "2023.03.31"]
[SourceQuality "1"]

1. e4 c5 2. Nf3 d6 3. d4 cxd4 4. Nxd4 Nc6 5. Nc3 Bd7 6. Be3 Nf6 7. f3 Rc8 8. Qd2 a6 9. g4 g6 10. 0-0-0 Bg7 11. h4 h5 12. gxh5 Nxh5 13. Bh3 Bxh3 14. Rxh3 Ne5 15. Qe2 Nc4 16. Bg1 Qb6 17. Nb3 Qb4 18. Bd4 Nxb2 19. Bxg7 Nxg7 20. Kxb2 Qxc3+ 21. Kb1 Ne6 22. Rd3 Qe5 23. Rd5 Qc3 24. Qh2 b5 25. h5 gxh5 26. Rdxh5 Rxh5 27. Rxh5 Kd7 28. f4 Qe1+ 29. Kb2 Qxe4 30. f5 Nc5 31. f6 Na4+ 32. Ka3 Rxc2 33. fxe7 Rxh2 0-1

[Event "Titled Tuesday intern op 25th Oct Late"]
[Site "Chess.com INT"]
[Date "2022.10.25"]
[Round "3"]
[White "Gonzalez, Francisco Silva"]
[Black "Lindholt, Malik"]
[Result "1-0"]
[WhiteElo "2037"]
[BlackElo "2172"]
[PlyCount "123"]
[EventDate "2022.10.25"]
[EventType "swiss (blitz)"]
[EventRounds "11"]
[EventCountry "USA"]
[SourceTitle "EXT 2024"]
[Source "ChessBase"]
[SourceDate "2023.10.10"]
[SourceVersion "1"]
[SourceVersionDate "2023.10.10"]
[SourceQuality "1"]

1. d4 Nf6 2. c4 g6 3. Nc3 Bg7 4. e4 d6 5. f3 0-0 6. Be3 Nc6 7. Nge2 a6 8. Rc1 Rb8 9. Qd2 Bd7 10. b3 b5 11. Ng3 e5 12. d5 Nd4 13. Nce2 bxc4 14. Rxc4 Bb5 15. Rc1 c5 16. dxc6 Nxc6 17. Rd1 Ne8 18. Rc1 f5 19. Qd5+ Kh8 20. Rxc6 Bxc6 21. Qxc6 f4 22. Bd2 fxg3 23. hxg3 Qb6 24. Qxb6 Rxb6 25. Nc3 Nf6 26. Bc4 Rc8 27. Kf2 Bf8 28. Bg5 Be7 29. Bxf6+ Bxf6 30. Nd5 Bd8 31. Nxb6 Bxb6+ 32. Ke2 Kg7 33. Rd1 Bd4 34. f4 a5 35. a4 Rf8 36. Bb5 Rc8 37. Bc4 Rf8 38. Rd3 h6 39. Kf3 Rb8 40. Kg4 Rf8 41. Kh3 Rb8 42. g4 Rf8 43. f5 g5 44. Kg3 Rb8 45. Rd2 Rf8 46. Rc2 Bc5 47. Kf3 Rb8 48. Ke2 Kf6 49. Kd3 Rb7 50. Bb5 Rc7 51. Rc4 Rb7 52. Kc2 Rc7 53. b4 axb4 54. a5 Ra7 55. a6 Kg7 56. Kb3 Kf7 57. Ka4 Ke7 58. Rc2 Kd8 59. Ka5 Kc7 60. Bc4 Ra8 61. Bd5 Ra7 62. Kb5 1-0

[Event "Titled Tuesday intern op 25th Oct Late"]
[Site "Chess.com INT"]
[Date "2022.10.25"]
[Round "9"]
[White "Lindholt, Malik"]
[Black "Bernat, David"]
[Result "1/2-1/2"]
[WhiteElo "2172"]
[BlackElo "1862"]
[PlyCount "93"]
[EventDate "2022.10.25"]
[EventType "swiss (blitz)"]
[EventRounds "11"]
[EventCountry "USA"]
[SourceTitle "EXT 2024"]
[Source "ChessBase"]
[SourceDate "2023.10.10"]
[SourceVersion "1"]
[SourceVersionDate "2023.10.10"]
[SourceQuality "1"]

1. e4 c5 2. Nf3 g6 3. d4 cxd4 4. Nxd4 Nc6 5. Nc3 Bg7 6. Be3 Nf6 7. Bc4 0-0 8. Bb3 a5 9. 0-0 d6 10. f3 Bd7 11. Qd2 Nxd4 12. Bxd4 Bc6 13. Nd5 Nxd5 14. Bxd5 e6 15. Bxc6 bxc6 16. Bxg7 Kxg7 17. Qd4+ Qf6 18. Rad1 Qxd4+ 19. Rxd4 d5 20. exd5 cxd5 21. c4 dxc4 22. Rxc4 Rfb8 23. b3 Rb4 24. Rfc1 Rab8 25. Kf2 Kf6 26. Ke3 h5 27. Rxb4 Rxb4 28. Rc4 Rxc4 29. bxc4 Ke5 30. f4+ Kd6 31. Kd4 f6 32. h4 a4 33. c5+ Kc6 34. Kc4 e5 35. fxe5 fxe5 36. Kb4 e4 37. Kc4 e3 38. Kd3 Kxc5 39. Kxe3 Kb4 40. Kd3 Ka3 41. Kc3 Kxa2 42. Kc2 a3 43. g3 Ka1 44. Kc1 Ka2 45. Kc2 Ka1 46. Kc1 Ka2 47. Kc2 1/2-1/2

[Event "Titled Tuesday intern op 25th Oct Late"]
[Site "Chess.com INT"]
[Date "2022.10.25"]
[Round "5"]
[White "Lindholt, Malik"]
[Black "Roberts, Paul"]
[Result "1-0"]
[WhiteElo "2172"]
[BlackElo "2123"]
[PlyCount "39"]
[EventDate "2022.10.25"]
[EventType "swiss (blitz)"]
[EventRounds "11"]
[EventCountry "USA"]
[SourceTitle "EXT 2024"]
[Source "ChessBase"]
[SourceDate "2023.10.10"]
[SourceVersion "1"]
[SourceVersionDate "2023.10.10"]
[SourceQuality "1"]

1. e4 c5 2. Nf3 e6 3. d4 cxd4 4. Nxd4 Nf6 5. Nc3 Nc6 6. Ndb5 Bb4 7. Nd6+ Ke7 8. Nxc8+ Rxc8 9. Bd3 Re8 10. Bd2 Kf8 11. a3 Be7 12. 0-0 d6 13. Kh1 a6 14. f4 Qc7 15. Qf3 b5 16. Rae1 Kg8 17. Qg3 Bf8 18. e5 dxe5 19. fxe5 Qxe5 20. Rxe5 1-0

[Event "Titled Tuesday intern op 25th Oct Late"]
[Site "Chess.com INT"]
[Date "2022.10.25"]
[Round "6"]
[White "Lindholt, Malik"]
[Black "Stanisz, Patryk"]
[Result "0-1"]
[WhiteElo "2172"]
[BlackElo "2169"]
[PlyCount "62"]
[EventDate "2022.10.25"]
[EventType "swiss (blitz)"]
[EventRounds "11"]
[EventCountry "USA"]
[SourceTitle "EXT 2024"]
[Source "ChessBase"]
[SourceDate "2023.10.10"]
[SourceVersion "1"]
[SourceVersionDate "2023.10.10"]
[SourceQuality "1"]

1. e4 c5 2. Nf3 Nc6 3. d4 cxd4 4. Nxd4 Nf6 5. Nc3 e5 6. Ndb5 d6 7. Bg5 a6 8. Na3 b5 9. Bxf6 gxf6 10. Nd5 Bg7 11. c3 Ne7 12. Nc2 f5 13. Nxe7 Qxe7 14. exf5 0-0 15. Ne3 e4 16. a4 b4 17. Nd5 Qg5 18. f6 Bxf6 19. Nxf6+ Qxf6 20. Qd4 Qxd4 21. cxd4 Be6 22. Kd2 Rfc8 23. Be2 Bb3 24. Rhc1 Rxc1 25. Rxc1 Bxa4 26. Rc7 Bb3 27. Rc6 a5 28. Rxd6 a4 29. Rb6 a3 30. bxa3 bxa3 31. Rxb3 a2 0-1

[Event "Titled Tuesday intern op 25th Oct Late"]
[Site "Chess.com INT"]
[Date "2022.10.25"]
[Round "10"]
[White "Lindholt, Malik"]
[Black "Wiegmann, Sascha"]
[Result "0-1"]
[WhiteElo "2172"]
[BlackElo "2280"]
[PlyCount "80"]
[EventDate "2022.10.25"]
[EventType "swiss (blitz)"]
[EventRounds "11"]
[EventCountry "USA"]
[SourceTitle "EXT 2024"]
[Source "ChessBase"]
[SourceDate "2023.10.10"]
[SourceVersion "1"]
[SourceVersionDate "2023.10.10"]
[SourceQuality "1"]

1. e4 c5 2. Nf3 d6 3. d4 cxd4 4. Nxd4 Nf6 5. Nc3 a6 6. Be3 e5 7. Nb3 Be6 8. Qd2 Nbd7 9. f3 Be7 10. g4 b5 11. g5 b4 12. gxf6 bxc3 13. Qxc3 Nxf6 14. 0-0-0 0-0 15. Rg1 a5 16. Kb1 Qb8 17. Bh6 g6 18. Bxf8 Bxf8 19. Bc4 Bxc4 20. Qxc4 a4 21. Nc1 a3 22. b3 Qb6 23. Nd3 Nh5 24. Nb4 Qf2 25. Qf1 Qxh2 26. Rh1 Qf4 27. Nd5 Qg5 28. Qh3 Kh8 29. Rdg1 Qd2 30. Qg2 Qd4 31. c3 Qd3+ 32. Ka1 Bh6 33. Rd1 Qb5 34. c4 Qc5 35. Qg4 Rg8 36. Qg2 Bg7 37. Rh2 Nf4 38. Qd2 Nxd5 39. cxd5 Rc8 40. Rdh1 h5 0-1

[Event "Titled Tuesday intern op 25th Oct Late"]
[Site "Chess.com INT"]
[Date "2022.10.25"]
[Round "11"]
[White "Rose, Felix"]
[Black "Lindholt, Malik"]
[Result "0-1"]
[WhiteElo "2091"]
[BlackElo "2172"]
[PlyCount "200"]
[EventDate "2022.10.25"]
[EventType "swiss (blitz)"]
[EventRounds "11"]
[EventCountry "USA"]
[SourceTitle "EXT 2024"]
[Source "ChessBase"]
[SourceDate "2023.10.10"]
[SourceVersion "1"]
[SourceVersionDate "2023.10.10"]
[SourceQuality "1"]

1. e4 c5 2. Nf3 g6 3. d4 cxd4 4. Qxd4 Nf6 5. Nc3 Nc6 6. Qa4 d6 7. e5 dxe5 8. Nxe5 Bd7 9. Nxd7 Nxd7 10. Bb5 Bg7 11. Bd2 Nd4 12. Bxd7+ Qxd7 13. Qxd7+ Kxd7 14. 0-0-0 Kc6 15. Be3 Rhd8 16. Rd3 Nf5 17. Rxd8 Rxd8 18. Bd2 a6 19. h4 h5 20. g3 Bd4 21. Nd1 e6 22. c3 Bc5 23. Kc2 b5 24. Re1 Rd5 25. Re4 Nd6 26. Re2 Nc4 27. Bc1 Bb6 28. b3 Nd6 29. Be3 Bc7 30. Bf4 Nf5 31. Bxc7 Kxc7 32. Ne3 Nxe3+ 33. Rxe3 Kc6 34. f4 Kd6 35. Rd3 e5 36. fxe5+ Kxe5 37. Re3+ Kd6 38. Rf3 f5 39. c4 bxc4 40. bxc4 Re5 41. Ra3 a5 42. Rb3 Re2+ 43. Kd3 Rxa2 44. Rb6+ Ke5 45. Rxg6 Ra3+ 46. Kc2 Rf3 47. c5 Rf2+ 48. Kb3 Rf3+ 49. Ka4 Rc3 50. Kb5 a4 51. Kb4 Rc2 52. Ra6 Kd5 53. Rd6+ Ke4 54. c6 Kf3 55. Kxa4 Kxg3 56. Kb5 f4 57. Rd7 f3 58. c7 f2 59. Rg7+ Kxh4 60. Rf7 Kg3 61. Rg7+ Kh4 62. Rf7 Rxc7 63. Rxf2 Kg3 64. Rf8 h4 65. Rg8+ Kf2 66. Rf8+ Kg2 67. Rg8+ Kh2 68. Kb4 h3 69. Kb3 Kh1 70. Kb2 h2 71. Kb3 Rc1 72. Kb2 Rg1 73. Rh8 Rg2+ 74. Kb3 Kg1 75. Ra8 h1Q 76. Ra1+ Kh2 77. Rxh1+ Kxh1 78. Kc3 Kh2 79. Kd4 Re2 80. Kd3 Re8 81. Kd4 Kg3 82. Kd5 Kf4 83. Kd6 Re2 84. Kd5 Re1 85. Kd4 Rd1+ 86. Kc3 Ke3 87. Kc2 Rd8 88. Kc3 Rc8+ 89. Kb4 Kd4 90. Kb5 Rc1 91. Kb6 Kd5 92. Kb7 Kd6 93. Kb8 Kd7 94. Ka7 Rb1 95. Ka6 Kc6 96. Ka5 Rb8 97. Ka4 Kc5 98. Ka3 Kc4 99. Ka2 Kc3 100. Ka3 Ra8# 0-1

[Event "Titled Tuesday intern op 04th Oct Late"]
[Site "Chess.com INT"]
[Date "2022.10.04"]
[Round "2"]
[White "Kanter, Eduard"]
[Black "Lindholt, Malik"]
[Result "1/2-1/2"]
[WhiteElo "2367"]
[BlackElo "2172"]
[PlyCount "110"]
[EventDate "2022.10.04"]
[EventType "swiss (blitz)"]
[EventRounds "11"]
[EventCountry "USA"]
[SourceTitle "EXT 2023"]
[Source "ChessBase"]
[SourceDate "2022.10.05"]
[SourceVersion "1"]
[SourceVersionDate "2022.10.05"]
[SourceQuality "1"]

1. d4 Nf6 2. c4 g6 3. Nc3 Bg7 4. e4 d6 5. Be2 0-0 6. Nf3 e5 7. Be3 Nc6 8. d5 Ne7 9. Nd2 Nd7 10. b4 f5 11. f3 f4 12. Bf2 g5 13. c5 Nf6 14. h3 Ng6 15. Nc4 h5 16. Rc1 Rf7 17. cxd6 cxd6 18. Nb5 Bf8 19. Nxa7 Bd7 20. Nb6 Rxa7 21. Nxd7 Rxa2 22. Nxf6+ Qxf6 23. Qb3 Ra8 24. 0-0 Rg7 25. Rc3 Nh8 26. Rfc1 Nf7 27. Rc7 Nh6 28. Rxg7+ Qxg7 29. Qd1 Re8 30. Rc3 Re7 31. Qc1 g4 32. fxg4 hxg4 33. hxg4 Nxg4 34. Qd1 Nxf2 35. Kxf2 Qf6 36. Bg4 Qh4+ 37. Kg1 Rh7 38. Rh3 Qg5 39. Be6+ Kg7 40. Rxh7+ Kxh7 41. Bf5+ Kh6 42. Qg4 Qxg4 43. Bxg4 Kg5 44. Bf3 b6 45. Kf2 Kf6 46. Ke2 Ke7 47. Kd3 Kd8 48. Kc4 Kc7 49. Kb5 Be7 50. Ka6 Bh4 51. b5 Be1 52. Bg4 Bf2 53. Bf3 Be1 54. Bg4 Bf2 55. Bf3 Be1 1/2-1/2

[Event "Titled Tuesday intern op 04th Oct Late"]
[Site "Chess.com INT"]
[Date "2022.10.04"]
[Round "7"]
[White "Lindholt, Malik"]
[Black "Morales Santos, Natasha"]
[Result "0-1"]
[WhiteElo "2172"]
[BlackElo "1913"]
[PlyCount "72"]
[EventDate "2022.10.04"]
[EventType "swiss (blitz)"]
[EventRounds "11"]
[EventCountry "USA"]
[SourceTitle "EXT 2023"]
[Source "ChessBase"]
[SourceDate "2022.10.05"]
[SourceVersion "1"]
[SourceVersionDate "2022.10.05"]
[SourceQuality "1"]

1. e4 c5 2. Nf3 d6 3. d4 cxd4 4. Nxd4 Nf6 5. Nc3 g6 6. Be3 Bg7 7. f3 0-0 8. Qd2 Nc6 9. 0-0-0 d5 10. exd5 Nxd5 11. Nxc6 bxc6 12. Nxd5 cxd5 13. Qxd5 Qc7 14. Qc5 Qb7 15. Qa3 Bf5 16. Bd3 Rab8 17. c3 Rfc8 18. Bxf5 gxf5 19. Bd4 e5 20. Be3 Bf8 21. b4 Bxb4 22. Qxa7 Rxc3+ 23. Kb1 Ba3+ 24. Qxb7 Rxb7+ 25. Ka1 Rxe3 26. Rd8+ Kg7 27. Rhd1 Bb2+ 28. Kb1 Bd4+ 29. Kc2 Re2+ 30. Kd3 Rxa2 31. f4 Rb3+ 32. Kc4 Rc3+ 33. Kd5 Ra5+ 34. Kd6 Ra6+ 35. Ke7 Rc7+ 36. Ke8 Re6# 0-1

[Event "Titled Tuesday intern op 04th Oct Late"]
[Site "Chess.com INT"]
[Date "2022.10.04"]
[Round "6"]
[White "Zanette, Edgard Vinicius"]
[Black "Lindholt, Malik"]
[Result "1-0"]
[WhiteElo "2115"]
[BlackElo "2172"]
[PlyCount "203"]
[EventDate "2022.10.04"]
[EventType "swiss (blitz)"]
[EventRounds "11"]
[EventCountry "USA"]
[SourceTitle "EXT 2023"]
[Source "ChessBase"]
[SourceDate "2022.10.05"]
[SourceVersion "1"]
[SourceVersionDate "2022.10.05"]
[SourceQuality "1"]

1. e4 c5 2. Nc3 g6 3. f4 Bg7 4. Nf3 Nc6 5. Bb5 Nd4 6. 0-0 a6 7. Bd3 e6 8. Nxd4 Bxd4+ 9. Kh1 Ne7 10. f5 exf5 11. exf5 c4 12. Bxc4 Nxf5 13. d3 0-0 14. Nd5 b5 15. Bb3 Bb7 16. Rxf5 gxf5 17. Bh6 Bg7 18. Qh5 Bxd5 19. Bxd5 Qf6 20. Bxg7 Kxg7 21. Bxa8 Rxa8 22. c3 Re8 23. Rf1 Qg6 24. Qf3 Qg5 25. h3 Kg6 26. g4 Re3 27. gxf5+ Kf6 28. Qg2 Rxd3 29. Qxg5+ Kxg5 30. Rf2 Rxh3+ 31. Kg2 Rd3 32. f6 Rd6 33. Kg3 Rxf6 34. Rd2 d6 35. a4 bxa4 36. Rd5+ Rf5 37. Rxd6 Rb5 38. Rxa6 Rxb2 39. Rxa4 Rb3 40. Ra5+ f5 41. Rc5 h5 42. Rc8 h4+ 43. Kh3 f4 44. Rc5+ Kf6 45. Kxh4 Ke6 46. Kg4 Kd6 47. Rc8 Kd7 48. Rc4 Kd6 49. Kxf4 Kd5 50. Rc8 Kd6 51. Ke4 Rb5 52. c4 Rc5 53. Rd8+ Kc6 54. Kd4 Rg5 55. Rc8+ Kd7 56. Rc5 Rg4+ 57. Kc3 Kd6 58. Kb4 Rg1 59. Rc8 Rb1+ 60. Kc3 Rc1+ 61. Kd3 Rd1+ 62. Kc2 Rh1 63. Kc3 Rc1+ 64. Kb2 Rh1 65. Ra8 Kc5 66. Rc8+ Kb4 67. c5 Rh2+ 68. Kc1 Kb5 69. Kd1 Rh5 70. c6 Kb6 71. Kd2 Rc5 72. c7 Rxc7 73. Rb8+ Kc6 74. Rh8 Rd7+ 75. Kc3 Rc7 76. Rh6+ Kb7+ 77. Kd4 Rd7+ 78. Kc5 Rc7+ 79. Kb5 Rc1 80. Rb6+ Kc8 81. Rh6 Rb1+ 82. Kc6 Rc1+ 83. Kd6 Rd1+ 84. Kc5 Rc1+ 85. Kb4 Rb1+ 86. Kc4 Rc1+ 87. Kd5 Rd1+ 88. Ke4 Re1+ 89. Kd3 Rd1+ 90. Kc2 Rg1 91. Rh8+ Kc7 92. Rh2 Rg3 93. Rh7+ Kd6 94. Rh2 Ke7 95. Re2+ Kd6 96. Kd2 Kc7 97. Re7+ Kd6 98. Rh7 Kc6 99. Ke2 Kd6 100. Rh4 Ra3 101. Kd2 Ke6 102. Kc2 1-0

[Event "Naestved Host EMT A"]
[Site "Naestved"]
[Date "2015.09.11"]
[Round "4"]
[White "Lindholt, Malik"]
[Black "Christensen, Thomas"]
[Result "1/2-1/2"]
[WhiteElo "2082"]
[BlackElo "2210"]
[PlyCount "44"]
[EventDate "2015.08.24"]
[EventType "swiss"]
[EventRounds "7"]
[EventCountry "DEN"]
[SourceTitle "EXT 2024"]
[Source "ChessBase"]
[SourceDate "2023.10.10"]
[SourceVersion "1"]
[SourceVersionDate "2023.10.10"]
[SourceQuality "1"]

1. e4 b6 2. d4 Bb7 3. Nc3 e6 4. Nf3 Bb4 5. Bd3 Nf6 6. Qe2 d5 7. exd5 Qxd5 8. 0-0 Bxc3 9. bxc3 Qh5 10. Ne5 Qxe2 11. Bxe2 Be4 12. Bb5+ c6 13. Bd3 Nbd7 14. Re1 Bxd3 15. cxd3 Nxe5 16. Rxe5 0-0-0 17. Bg5 Rd5 18. Bxf6 gxf6 19. Rxd5 cxd5 20. Kf1 Kd7 21. Ke2 Rc8 22. Kd2 Rg8 1/2-1/2

[Event "DEN-ch1A"]
[Site "Helsingor"]
[Date "2013.03.25"]
[Round "4"]
[White "Jacobsen, Hans Endrup"]
[Black "Lindholt, Malik"]
[Result "1/2-1/2"]
[WhiteElo "1930"]
[BlackElo "2013"]
[PlyCount "116"]
[EventDate "2013.03.23"]
[EventType "swiss"]
[EventRounds "5"]
[EventCountry "DEN"]
[SourceTitle "EXT 2014"]
[Source "ChessBase"]
[SourceDate "2013.11.20"]
[SourceVersion "1"]
[SourceVersionDate "2013.11.20"]
[SourceQuality "1"]

1. e4 c5 2. Nf3 d6 3. d4 cxd4 4. Nxd4 Nf6 5. Nc3 g6 6. Be3 Bg7 7. f3 0-0 8. Qd2 Nc6 9. 0-0-0 d5 10. Kb1 Nxd4 11. Bxd4 dxe4 12. Bxf6 Qxd2 13. Rxd2 Bxf6 14. Nxe4 Bg7 15. Bc4 Bf5 16. Ng3 Rac8 17. Nxf5 gxf5 18. Bb3 Rc7 19. Rhd1 e6 20. Rd7 Rfc8 21. Rd8+ Rxd8 22. Rxd8+ Bf8 23. a4 b6 24. c3 Kg7 25. Kc2 Be7 26. Rd3 Bf6 27. f4 h5 28. Ba2 Kf8 29. b4 Ke7 30. c4 Rd7 31. Bb3 h4 32. Rxd7+ Kxd7 33. Kd3 Be7 34. a5 Bxb4 35. axb6 axb6 36. Ba4+ Kd6 37. Be8 Ke7 38. Bc6 Bc5 39. Ke2 Bg1 40. h3 Bh2 41. Ke3 f6 42. Bb7 Kd7 43. Kf3 Bg3 44. Ke3 Kc7 45. Bf3 Kd6 46. Bh5 e5 47. fxe5+ fxe5 48. Bg6 Ke6 49. Be8 e4 50. Bg6 Kf6 51. Be8 Ke5 52. Bg6 Bf4+ 53. Ke2 Bg5 54. Bh7 Be7 55. Bg6 Bc5 56. Bh7 f4 57. Bg8 Kd4 58. Bf7 Bb4 1/2-1/2